| 000 | 01085nam0a22002771 4500 | ||
|---|---|---|---|
| 001 | rc\4233469 | ||
| 005 | 20130416111207.7 | ||
| 021 |
_aRU _b[59-13345] |
||
| 035 | _a(NLR Aleph) 008465398 | ||
| 090 |
_a7895802 _c7895802 |
||
| 100 | _a20130416d1959 |||y0rusy50 ca | ||
| 101 | 0 | _arus | |
| 102 | _aRU | ||
| 105 | _aa z ||||| | ||
| 200 | 1 |
_aАминазин _e[Сборник статей] _fОтв. ред. лауреат Сталинской премии проф. Г.Н. Першин _gМ-во здравоохранения СССР. Всесоюз. науч.-исслед. хим.-фармацевтич. ин-т им. С. Орджоникидзе. ВНИИХФИ |
|
| 210 |
_aМосква _cМедгиз _d1959 |
||
| 215 |
_a242 с. _cил. _d23 |
||
| 225 | 1 |
_aХимия и медицина _v[Вып. 9] |
|
| 320 | _aБиблиогр. в конце статей | ||
| 606 |
_aАминазин _jСборники _2psbo |
||
| 702 | 1 |
_aПершин _bГ. Н. _4340 |
|
| 801 | 0 |
_aRU _bNLR _gpsbo |
|
| 801 | 1 |
_aRU _bELAR _2rusmarc |
|
| 852 |
_aNLR _jП16/617 |
||
| 942 | _cBOOK | ||
| 980 | _aNB | ||